Diverzita a inklúzia v pracovnom prostredí diplomová práca

Gespeichert in:
Bibliographische Detailangaben
1. Verfasser: Repaský, Alex
Körperschaft: Fakulta podnikového manažmentu EU. Katedra manažmentu
Weitere Verfasser: Jankelová, Nadežda, 1966-
Format: Buch
Sprache:Slowakisch
Veröffentlicht: Bratislava 2025
Tags: Tag hinzufügen
Keine Tags, Fügen Sie das erste Tag hinzu!

MARC

LEADER 00000nbm a2200000 4500
001 0309784
005 20251217140217.2
041 0 |a slo 
044 |a SK 
245 1 0 |a Diverzita a inklúzia v pracovnom prostredí  |b diplomová práca  |c Alex Repaský ; školiteľ: Nadežda Jankelová 
264 1 |a Bratislava  |c 2025 
300 |a 90 s. 
100 1 |a Repaský, Alex 
700 1 |a Jankelová, Nadežda, 1966- 
710 2 |a Fakulta podnikového manažmentu EU. Katedra manažmentu